Understanding the Housing Health and Safety Rating System (Record no. 76917)
[ view plain ]
| 000 -LEADER | |
|---|---|
| fixed length control field | 01203cab a2200205 4500 |
| 001 - CONTROL NUMBER | |
| control field | ##L133297 |
| 008 - FIXED-LENGTH DATA ELEMENTS--GENERAL INFORMATION | |
| fixed length control field | 060427n 000 0 eng u |
| 035 ## - SYSTEM CONTROL NUMBER | |
| System control number | (Sirsi) u133297 |
| 041 0# - LANGUAGE CODE | |
| Language code of text/sound track or separate title | eng |
| 100 1# - MAIN ENTRY--PERSONAL NAME | |
| Personal name | Davey, Francis |
| 245 00 - TITLE STATEMENT | |
| Title | Understanding the Housing Health and Safety Rating System |
| 490 #0 - SERIES STATEMENT | |
| Series statement | Agreement |
| Volume/sequential designation | 13(2) 2006, 47-48(2) |
| 520 ## - SUMMARY, ETC. | |
| Summary, etc. | Outlines how the new Housing Health and Safety Rating System (HHSRS) in force from 6 April 2006 will operate. HHSRS applies to all properties, not just houses of multiple occupation, although houses with higher than normal occupancy.can be placed into higher rating bands. Discusses the 29 possible hazards grouped into four categories and the four classes of harm corresponding to the severity of the potential injury. Although landlords and agents will not have to administer the HHSRS themselves, they should be aware of how it operates to prevent local authorities using it against them . |
| 590 ## - LOCAL NOTE (RLIN) | |
| Local note | IKA090506 |
| 650 24 - SUBJECT ADDED ENTRY--TOPICAL TERM | |
| Topical term or geographic name entry element | HOUSING ACT 2004 |
| 650 24 - SUBJECT ADDED ENTRY--TOPICAL TERM | |
| Topical term or geographic name entry element | HOUSING ACT 2004 PART I |
| 690 ## - LOCAL SUBJECT ADDED ENTRY--TOPICAL TERM (OCLC, RLIN) | |
| Topical term or geographic name as entry element | PROPERTY-RESIDENTIAL PROPERTY-RESIDENTIAL LANDLORD AND TENANT-RESIDENTIAL LANDLORD AND TENANT REFORM |
| 700 1# - ADDED ENTRY--PERSONAL NAME | |
| Personal name | Smith, David |
| 942 ## - ADDED ENTRY ELEMENTS (KOHA) | |
| Suppress in OPAC | 0 |
| Withdrawn status | Lost status | Source of classification or shelving scheme | Damaged status | Not for loan | Home library | Current library | Shelving location | Date acquired | Total Checkouts | Full call number | Barcode | Date last seen | Copy number | Price effective from | Koha item type |
|---|---|---|---|---|---|---|---|---|---|---|---|---|---|---|---|
| Dewey Decimal Classification | London | London | Journal article | 27/04/2006 | L133297 | 133297-1001 | 06/08/2019 | 1 | 06/08/2019 | Journal article |